00530nam a2200181Ia 450000500170000000800410001702000090005804000190006704100120008608200150009810000200011324500570013326000490019030000280023950400500026765000210031785000100033820231208105043.0131103s9999 xx 000 0 und d cRs.9 aLoreto College aEnglish a420.9bBAU aBaugh,Albert C. 2aA History of the English Language, cAlbert C.Baugh aBombaybAllied Publishers Private Ltd.c1968 axiii,504 p.b maps,ill. aIncludes index and bibliographical references aEnglish Language aLCLIB